Twenty One Pilots - Levitate (Lyrics) - Statistics

General Stats
  • This quiz has been taken 21 times
  • The average score is 298 of 392
Answer Stats
Answer % Correct
I
100%
levitate
100%
my
100%
on
100%
to
100%
up
100%
a
92%
and
92%
come
92%
down
92%
ever
92%
feet
92%
grade
92%
how
92%
know
92%
learn
92%
Oh
92%
oh
92%
since
92%
the
92%
you
92%
can
85%
fire-breathe
85%
from
85%
help
85%
just
85%
late
85%
learned
85%
little
85%
mind
85%
no
85%
now
85%
of
85%
off
85%
seventh
85%
that
85%
thing
85%
things
85%
this
85%
with
85%
all
77%
am
77%
but
77%
feed
77%
is
77%
made
77%
need
77%
only
77%
right
77%
say
77%
shouldn‘t
77%
though
77%
who
77%
would
77%
asleep
69%
cowards
69%
curse
69%
don‘t
69%
fell
69%
first
69%
got
69%
hear
69%
it
69%
it‘s
69%
man
69%
me
69%
mind‘s
69%
not
69%
show
69%
they
69%
through
69%
too
69%
way
69%
we
69%
when
69%
above
62%
at
62%
back
62%
blood
62%
comes
62%
everyone‘s
62%
here
62%
hour‘s
62%
I‘d
62%
in
62%
keep
62%
knew
62%
let
62%
like
62%
once
62%
pain
62%
passing
62%
they‘re
62%
thought
62%
time
62%
under
62%
vulture
62%
vultures
62%
what
62%
yeah
62%
are
54%
bought
54%
by
54%
circling
54%
could
54%
culture
54%
depend
54%
doorways
54%
enough
54%
fabric
54%
feeds
54%
freezing
54%
graffiti
54%
heart
54%
I‘m
54%
least
54%
overexposure
54%
place
54%
replace
54%
shadow
54%
sleep
54%
some
54%
today
54%
train
54%
two
54%
wait
54%
weekends
54%
won‘t
54%
your
54%
chorus
46%
danger
46%
dominate
46%
doors
46%
eight
46%
for
46%
ledges
46%
probably
46%
rising
46%
room
46%
sever
46%
track
46%
wedges
46%
wooden
46%
feels
38%
ground
38%
habits
38%
hiding
38%
lot
38%
please
38%
smirking
38%
verse
38%
well-lit
38%
both
31%
compensates
31%
compensation
31%
poacher
31%
sleeping
31%
slot
31%
structure
31%
trench
31%
welcome
31%
worst
31%
you‘re
31%
better
23%
test
23%
No matching quizzes found
Score Distribution
Percent of People with Each Score
Percentile by Number Answered
Your Score History
You have not taken this quiz